00511nam a2200193Ia 4500003000400000005001700004008004100021020001800062040000700080041001200087082001900099100002300118245007300141260004000214300001600254365001300270650000800283650002600291OSt20251027184647.0210423s2008 xx 000 0 und d a81-316-0169-2 cAL aEnglish a352.009 bCHHP aHariprasad Chhetri aPanchayati raj system and development planningb: the case of Sikkim aNew DelhibRawat Publicationsc2008 axiv,302bPB b725cINR aLaw aPublic Administration